Language Quiz

Random Language or Spanish Quiz

Los Verbos Irregulares Quiz Stats

 Plays Quiz not verified by Sporcle

Also try: Rhymes with 'Y'
Challenge
Share
Tweet
Embed
Score 0/6 Timer 02:00
0 Plays Today
Spanish Verbs Conjugation % Correct
irvoy, vas, va, vamos, van
100%
estarestoy, esta's, esta', esta'mos, estan
100%
verveo, ves, ve, vemos, ven
100%
sersoy, eres, es, somos, son
90.9%
dardoy, das, da, damos, dan
72.7%
saberse', sabes, sabe, sabemos, saben
63.6%

You're not logged in!

Compare scores with friends on all Sporcle quizzes.
Join for Free
OR
Log In

You Might Also Like...

Show Comments

Extras

Top Quizzes Today


Score Distribution

Your Account Isn't Verified!

In order to create a playlist on Sporcle, you need to verify the email address you used during registration. Go to your Sporcle Settings to finish the process.

Report this User

Report this user for behavior that violates our Community Guidelines.

Details: